| 000 | 00349ntaaa2200157 4500 | ||
|---|---|---|---|
| 003 | 01 | ||
| 005 | 20251027203128.0 | ||
| 008 | 0714s1973 ag 01 | ||
| 040 |
_aAR-BaBN _bspa _cAR-BaBN _eaacr _dRIC |
||
| 082 | _a780.9824 Ar3m | ||
| 245 | _aMusica tradicional argentina | ||
| 250 | _a1 ed. | ||
| 260 |
_as.l., _cn.f. |
||
| 650 | _aMusica | ||
| 942 | _cBK | ||
| 999 |
_c26718 _d26718 |
||